Allpanchis Phuturinqa : (Record no. 21825)

000 -CABECERA
fixed length control field 02368nam a22003257a 4500
003 - IDENTIFICADOR DEL NÚMERO DE CONTROL
control field AR-CdUCM
008 - DATOS DE LONGITUD FIJA--INFORMACIÓN GENERAL
fixed length control field 190425b ||||| |||| 00| 0 spa d
040 ## - FUENTE DE LA CATALOGACIÓN
Agencia/entidad que catalogó originalmente la obra MUNICIPALIDAD PROVINCIAL DEL CUSCO
Entidad que transcribió la catalogación BIBLIOTECA MUNICIPAL DEL CUSCO
082 ## - NÚMERO DE LA CLASIFICACIÓN DECIMAL DEWEY
No. de Clasificación Rev.Allp/N°49/1997
110 ## - ENTRADA PRINCIPAL--NOMBRE DE ENTIDAD CORPORATIVA
Nombre de la institución, jurisdicción como entrada principal Instituto de Pastoral Andina
9 (RLIN) 12766
245 ## - MENCIÓN DE TÍTULO
Título Allpanchis Phuturinqa :
Resto del título Revista Anual /
260 ## - PUBLICACIÓN, DISTRIBUCIÓN, ETC.
Lugar de publicación, distribución, etc. Lima :
Nombre de la editorial, distribuidor, etc. Tarea Asociación Gráfica Educativa,
Fecha de publicación, distribución, etc. 1997.
300 ## - DESCRIPCIÓN FÍSICA
Nº de Páginas Extensión 278 páginas. :
Dimensiones 20 cm.
440 ## - MENCIÓN DE SERIE/PUNTO DE ACCESO ADICIONAL--TÍTULO
Título Revista del Instituto de Pastoral Andina Cusco
Número de la parte/sección de una obra Año XXIX, 1997,N°49.Vol.[XLV]
9 (RLIN) 46278
505 ## - NOTA DE CONTENIDO CON FORMATO
Nota de contenido formateada Contenido: El componente occidental una lectura sobre la Nueva Crónica y Buen Gobierno de Felipe Guamán Poma de Ayala. Claudia Guarisco Canseco. -- La conciencia y la voluntad aspiraciones e intereses bajo el gobierno de Antonio de Mendoza. Elisa Speckman Guerra. -- Las diversiones y el discurso modernizador los intentos de formación de un cultura burguesa en Lima 1890-1912. Fanni Muñoz Cabrejo. -- Modernización y ciudadanía la experiencia de la ciudad de México 1870-1930. Jorge Bracamonte Allain. -- Estado y representación en el Perú un ensayo de interpretación. Morgan Quero. -- El Leviatán exhausto la crisis del Estado interventor en México. Adrián Acosta Silva. -- Entre la mierda y el mal la diversidad etnocultural en los zorros de Arguedas. Ricardo Melgar Bao. -- Un asomo a la otredad nuevos derroteros para la democratización en México. Sara Makowski. -- Acerca de intelectuales y política en el Perú. Osmar Gonzales. -- Entre la institución y la revolución intelectuales y cambio político en México. Laura Baca Olamendi. -- La pacificación en el Perú buscando nuevos rumbos. Eduardo Toche.-- Del horror a la costumbre violencia y política en el México actual. Mario Constantino Toto.
650 ## - PUNTO DE ACCESO ADICIONAL DE MATERIA--TÉRMINO DE MATERIA
Descriptor Modernización y ciudadanía
9 (RLIN) 46279
650 ## - PUNTO DE ACCESO ADICIONAL DE MATERIA--TÉRMINO DE MATERIA
Descriptor Diversidad cultural
9 (RLIN) 44124
650 ## - PUNTO DE ACCESO ADICIONAL DE MATERIA--TÉRMINO DE MATERIA
Descriptor Democratización
9 (RLIN) 6686
650 ## - PUNTO DE ACCESO ADICIONAL DE MATERIA--TÉRMINO DE MATERIA
Descriptor Violencia política
9 (RLIN) 7220
650 ## - PUNTO DE ACCESO ADICIONAL DE MATERIA--TÉRMINO DE MATERIA
Descriptor México
9 (RLIN) 18
650 ## - PUNTO DE ACCESO ADICIONAL DE MATERIA--TÉRMINO DE MATERIA
Descriptor Perú
9 (RLIN) 46280
700 ## - PUNTO DE ACCESO ADICIONAL--NOMBRE DE PERSONA
Nombre Personal Guarisco Canseco, Claudia
9 (RLIN) 46281
700 ## - PUNTO DE ACCESO ADICIONAL--NOMBRE DE PERSONA
Nombre Personal Muñoz Cabrejo, Fanni
9 (RLIN) 23928
700 ## - PUNTO DE ACCESO ADICIONAL--NOMBRE DE PERSONA
Nombre Personal Bracamonte Allain, Jorge
9 (RLIN) 46282
700 ## - PUNTO DE ACCESO ADICIONAL--NOMBRE DE PERSONA
Nombre Personal Baca Olamendi, Laura
9 (RLIN) 46283
700 ## - PUNTO DE ACCESO ADICIONAL--NOMBRE DE PERSONA
Nombre Personal Melgar Bao, Ricardo
9 (RLIN) 46284
942 ## - ELEMENTOS DE PUNTO DE ACCESO ADICIONAL (KOHA)
Fuente de clasificación
Tipo de item Revistas cusqueñas
945 ## - PROCESAMIENTO DE INFORMACIÓN LOCAL (OCLC)
Catalogador rac
Holdings
Estado de retiro (separado) Fuente de clasificación o esquema de estanterías Estado dañado Ubicación Sala donde se ubica Nombre de la colección Fecha de adquisición o compra Costo, precio normal en soles Signatura topográfica Código de Barras Última vez visto (Koha) Tipo de ítem (Koha)
No     Sala Hemeroteca Sala Hemeroteca Book Cart 2021-08-18 10.00 Rev.Allp/N°49/1997 REVC000297 2021-08-18 Revistas cusqueñas

Powered by Koha